Budovanie ASR v podmienkach VHJ a podnikov 3. časť
Uložené v:
| Ďalší autori: | |
|---|---|
| Médium: | Kniha |
| Jazyk: | Slovak |
| Vydané: |
Bratislava :
Dom techniky Slovenskej vedeckotechnickej spoločnosti,
1976.
|
| Vydanie: | 1. vyd. |
| ISBN: |
(brož.) |
| Fyzický popis: |
123 s. |
| Tagy: |
Pridať tag
Žiadne tagy, Buďte prvý kto otaguje tento záznam!
|
Titul je dostupný aj v ... 

MARC
| LEADER | 00000nam a22000001 4500 | ||
|---|---|---|---|
| 001 | 000101034 | ||
| 005 | 20091023111951.0 | ||
| 008 | 010706s1976 xo slo d | ||
| 020 | |a (brož.) | ||
| 040 | |a SVKKK |b slo |c SVKKK |e AACR2 | ||
| 041 | 0 | |a slo | |
| 044 | |a xo |c SK | ||
| 245 | 0 | 0 | |a Budovanie ASR v podmienkach VHJ a podnikov |n 3. časť |c Hedviga Martinčáková. |
| 250 | |a 1. vyd. | ||
| 260 | |a Bratislava : |b Dom techniky Slovenskej vedeckotechnickej spoločnosti, |c 1976. | ||
| 300 | |a 123 s. | ||
| 700 | |a Martinčáková, Hedviga |4 edt | ||
| 910 | |a svkkk | ||
| 998 | |a BK | ||
| 090 | |g SCKHL |k Sklad Pribinova 2. posch. |a II.225374 |j 546422 |i 101034-10 |s Absenčne | ||
| 090 | |g SCKHL |k Sklad Pribinova 2. posch. |a II.228144 |j 552443 |i 2720539896 |s Absenčne | ||